=LDR 00000nam 2200000 4500 =001 INLIS000000000029359 =005 20130612131611 =008 ***********************************Ind** =035 ##$$0010-061300000029359 =041 ##$$a Ind =082 ##$$a 028.5 =090 ##$$a 028.5, Yus a =100 ##$$a Yusuf, Abdul Tawwab Yusuf =245 ##$$a Aku Keledai betina, Abdul Tawwab Yusuf =260 ##$$a 1995 $b Jakarta =300 ##$$a 17 hlm, ilus, 28 cm =650 ##$$a Bacaan kanak-kanak =850 ##$$a NBPNMAT